000
00235nam a2200097Ia 4500
001
645926
005
20250826153633.0
008
250824s9999 xx 000 0 und d
245
0
_a
YALAN DÜNYALAR
_c
SIMON PACKHAM
260
_b
GENÇ TİMAŞ
999
_c
645926
_d
645926